Quizzes
Events
Quiz Creation
Community
Videos
Private Events
Remove Ads
Sign In
Join for FREE
Feedback
Dark Mode
Quiz Categories
Sports
Geography
Music
Movies
Television
Just For Fun
Miscellaneous
History
Literature
Language
Science
Gaming
Entertainment
Religion
Holiday
For Kids
Quiz Lab
Recent
Popular Today
Quiz Kudos Today
Editor Picks
Curator Picks
Quizzes by...
Day
Popularity
Type
Ratings
Length
Year
Community
Subscriptions
Recent Discussions
Orange Saloon
Badges
Playlists
Quests
Create
Leaderboards
Showdown
Live 5
Trivia Bingo
Activity
Puzzle Library
Sporcle Events
Private Events
Virtual Trivia
Globe League
Become a Host
Pub Owners
SporcleCon
Opinionation
Our Games
Videos
Blog
Mobile Apps
Partnerships
Remove Ads and Go Orange
Feedback
Literature
Harry Potter
A Song of Ice and Fire
The Hunger Games
Literary Character
Shakespeare
Book
Author
Novel
Poem
Young Adult
Children's Books
Play
Lord of the Rings
Literature
Harry Potter
A Song of Ice and Fire
The Hunger Games
Literary Character
Shakespeare
Book
Author
Novel
Poem
Young Adult
Children's Books
Play
Lord of the Rings
Random Quiz
Search Sporcle
×
Quiz Lab
Quiz Lab
Literature
Shakespeare
Type in answers that appear in a list
Type in answers that appear in a list
Classic
Best Score? Go Orange.
Shakespeare's Sonnet 73 Stats
Can you recite Shakespeare's 73rd sonnet?
By
Tenkmoves
10m
121 Questions
8 Plays
8 Plays
8 Plays
Comments
Comments
Give Quiz Kudos
Give Quiz Kudos
-
- Ratings
hide this ad
Replay
Link that replays current quiz
Next Quiz
Link to next quiz in quiz playlist
You Got
0%
They Got
Avg Score
50%
Avg Friend Score
Upgrade to see
Score Distribution
Jump to the score distribution portion of the page
Score
0/121
Timer
10:00
0
Plays Today
% Correct
in
75%
the
75%
the
75%
In
75%
the
75%
in
75%
the
75%
and
75%
in
75%
In
75%
the
75%
the
75%
the
75%
That
62.5%
time
62.5%
of
62.5%
year
62.5%
thou
62.5%
me
62.5%
When
62.5%
yellow
62.5%
leaves,
62.5%
hang
62.5%
me
62.5%
thou
62.5%
see'st
62.5%
of
62.5%
that
62.5%
me
62.5%
thou
62.5%
see'st
62.5%
of
62.5%
That
62.5%
of
62.5%
that
62.5%
thou
62.5%
that
62.5%
thou
62.5%
leave
62.5%
behold
50%
or
50%
% Correct
none,
50%
or
50%
few,
50%
do
50%
Upon
50%
those
50%
boughs
50%
which
50%
shake
50%
against
50%
cold,
50%
Bare
50%
ruin'd
50%
choirs,
50%
where
50%
late
50%
sweet
50%
birds
50%
sang.
50%
sunset
50%
west;
50%
Which
50%
by
50%
by
50%
doth
50%
up
50%
on
50%
doth
50%
must
50%
which
50%
by.
50%
which
50%
which
50%
must
50%
mayest
37.5%
twilight
37.5%
such
37.5%
day
37.5%
As
37.5%
fadeth
37.5%
black
37.5%
% Correct
night
37.5%
take
37.5%
away,
37.5%
Death's
37.5%
second
37.5%
self,
37.5%
seals
37.5%
all
37.5%
rest.
37.5%
glowing
37.5%
such
37.5%
fire,
37.5%
ashes
37.5%
his
37.5%
youth
37.5%
lie,
37.5%
As
37.5%
death-bed
37.5%
whereon
37.5%
it
37.5%
expire,
37.5%
Consum'd
37.5%
with
37.5%
it
37.5%
was
37.5%
This
37.5%
makes
37.5%
thy
37.5%
love
37.5%
more
37.5%
strong,
37.5%
To
37.5%
love
37.5%
well
37.5%
ere
37.5%
long.
37.5%
after
25%
nourish'd
25%
perceiv'st,
25%
Quiz Playlist
Details
Report
Send in Message
Add To Playlist
Classic:
Type in answers that appear in a list
Last Updated: Dec 1, 2017
Quiz Scoreboard
CHALLENGE
Sign Up to Join the Scoreboard
Show All
Scores
Hide
Comments
May contain spoilers
Recently Published
Movies - When Are They Set?
by FPL_Elf
Movies
5m
Popular People in 1961
by mucciniale
History
6m
1-10 Letter E Words III
by El_Dandy
Language
2m
More to Explore
Quiz From the Vault
Featured Blog Post
Where Did the Easter Bunny Come From?
hide this ad
You Might Also Like...
Tags
Shakespeare Quiz
Today's Top Quizzes in Literature
Browse Literature
hide this ad
Today's Top Quizzes in Shakespeare
Browse Shakespeare
Top Contributed Quizzes in Literature
1
Sneaky Slytherin Logic Puzzle
2
One Thing in Common: Literature
3
Get The Picture: Black or White Literature
4
Weasley Family Reunion: Logic Puzzle
5
One Thing in Common: Literature II
6
Harry Potter Neighbourly Logic Puzzle #5
7
Lily Potter Start to Finish
8
One Thing in Common: Literature 3
9
One Thing in Common: Books
10
ASOIAF Logic Puzzle [Difficult] [Read Note first!!]
Explore More
Trending Topics
Harry Potter
Crossword
Anime
NBA
Kpop
Marvel
Disney
NFL
Puzzle
The Office
Pokémon
Soccer
Country
WWE
Song
hide this ad
More By:
Tenkmoves
Quiz
Plays
Rating
Category
Featured
Created
Billboard #1 Singles (2016)
21,949
4.24
Music
Dec 28, 2016
3rd on IMDB: Best Picture
7,450
4.57
Movies
Oct 22, 2019
Ohio counties
1,367
5.00
Geography
Mar 13, 2021
3rd on IMDB: 2002 Movies
1,213
4.29
Movies
Nov 2, 2019
3rd on IMDB: 2019 movies
1,029
5.00
Movies
Jan 20, 2020
Go to Creator's Profile
Score Distribution
Quiz Creator Spotlight
Tenkmoves
Follow
Send a Message
Quizzes Created
-
Created Quiz Play Count
-
More By This Creator
Popular Quizzes Today
1
Find the US States - No Outlines Minefield
2
Find the Countries of Europe - No Outlines Minefield
3
The Countries of the World
4
Popular People in 1961
5
1-10 Letter E Words III
6
US States
7
Find the US States
8
One Thing in Common: World Cities II
More Literature Quizzes
White in Literature
Quiz Lab
Trending Quizzes
Risky Map Clicking: Least Populous States A-Z
1-10 Letter F Words
1-10 Letter G Words
One Thing in Common: United Kingdom
Risky Map Clicking: Next State Alphabetically
Recently Updated
Leaping Animals
pecheneg
Reality TV Shows (A-Z)
bhenderson79
Rickey Henderson's Hall of Fame Teammates
pecheneg
Champions League XIs: Arsenal
pecheneg
Quick Pick: Celebrities in WWE's Hall of Fame
aduchscher
A-Z Keypad Blitz II
pecheneg
Multiple Oscar Actors
pecheneg
Mystery Phrase Blitz: Oscar 'Best Actors'
pecheneg
F. Scott Fitzgerald Novels
LTH
Pick 3 Villains
ddd62291
Trending Topics
Crossword
Harry Potter
NBA
Anime
Marvel
Kpop
Disney
NFL
WWE
Pokémon
Soccer
Country
Song
The Office
Puzzle
Your Account Isn't Verified!
In order to create a playlist on Sporcle, you need to verify the email address you used during registration. Go to your
Sporcle Settings
to finish the process.
Report this User
Report this user for behavior that violates our
Community Guidelines
.
Details:
Send Report
Go to the Sporcle.com Mobile Site →
Comments